00505nam a22001697a 450000500170000001000150001702000260003203500140005803700130007208200140008510000240009924500520012326000250017527000600020030000250026050000500028520200316145800.0 aENG-128058 a9789387472006c650.00 aEN-111590 bDBAD/PUB a59222nd. aMandal, Fatik Baran aBiology of Non-Chordatescby Fatik Baran Mandal aNew DelhibPHIc2018 aHouse No. 111, Patparganj Industrial Estate,bNew Delhi axix;488p.c28cm(pbk) aincludes bibliographical references and index